000 00456nam a22001337a 4500
008 220929b |||||||| |||| 00| 0 eng d
082 _aEnglish Cap No.110
100 _aRai, Arati
245 _aHow can Charles Kingsley`s book " The water- babies , a fairy tale for a land- babies" appeal to both children`s and adults?
260 _aThimphu :
_bRoyal Thinphu College,
_c2021.
300 _a36 p.
_c30 cm.
650 _aStudent research work
942 _2ddc
999 _c9129
_d9130